000 00437nam a2200169Ia 4500
005 20250508153905.0
008 008 250505s9999 xx 000 0 hin d
037 _aTextual
040 _aFEDL
_beng
_cFEDL
041 _ahin
_2eng
084 _a942, SHA
_qFEDL
100 _aSharma Radha Krishan
_9764617
245 0 _aGreat Britain ka itihas
300 _a362p.
942 _cTEXL
_h942, SHA
999 _c1346168
_d1346168